Yale Journal of Law & Technology

Detalles Bibliográficos
Formato: eBook
Lenguaje:inglés
Publicado: New Haven: Yale Journal of Law & Technology, 2019 -
Materias:
Acceso en línea:Acceso restringido

MARC

LEADER 00000nam a22000007a 4500
005 20191024234542.0
007 cr|||| ||||
008 191024c20199999us zn|w s|||| 0|||b1eng d
035 |a 23869 
040 |a vLex 
090 |c 9967  |d 9967 
245 0 0 |a Yale Journal of Law & Technology  |h [Recurso electrn̤ico] / 
256 |a Servicio en ln̕ea 
260 |a New Haven:  |b Yale Journal of Law & Technology,  |c 2019 - 
300 |a 1 recurso electrn̤ico 
310 |a Irregular 
506 1 |a Disponible solo en los productos indicados  |d vLex Global  |d vLex Global (Academic Edition, excluding Law Schools)  |d vLex Global (Academic Edition, Law Schools) 
650 0 4 |a Derecho de las Nuevas Tecnologa̕s  |z Estados Unidos 
740 0 |a vLex Revistas (Servicio en ln̕ea) 
856 4 0 |u http://vlex.com/source/yale-journal-of-law-and-technology-23869  |z Acceso restringido 
942 |c REV 
999 0 |a New Technologies Law